Rainbow Six Siege Operator Trivia #2 - Statistics

General Stats
  • This quiz has been taken 1,022 times
  • The average score is 9 of 16
Answer Stats
Hint Answer % Correct
The younger of the two Bosak sisters Ela
92%
Base operator that stares at TV screens in his video Mute
80%
Female operator that can revive herself Zofia
79%
Only base defender that uses an assault rifle Jager
78%
DLC operator that stares at TV screens in his video Vigil
63%
He's a humanitarian and Ash doesn't think he can afford to be Doc
62%
Operator from Leningrad Tachanka
58%
Base female operator that doesn't talk in her video IQ
55%
Did not perform well in school except for science. Smoke
55%
Base male operator that doesn't talk in his video Blitz
46%
Operator that indirectly references Ash and Thermite in her voice lines Hibana
46%
Operator that effectively has two abilities Caveira
43%
This operator is ready for company Frost
40%
Operator that uses the JS2 SMG Lesion
39%
Was punched in the face by Thatcher Lion
38%
Operator that suffers from insomnia Jackal
29%
No matching quizzes found
Score Distribution
Percent of People with Each Score
Percentile by Number Answered
Your Score History
You have not taken this quiz